Statistics for Most Common Words Ending in ION A-Z

Click here to take the quiz!

General Stats

  • This quiz has been taken 73 times
  • The average score is 6 of 23

Answer Stats

letterfreqlettersword% Correct
A4916action
83%
N1296nation
72%
Q6948question
65%
U3875union
57%
J428junction
37%
E5209education
30%
S4197section
27%
F2338function
25%
M5177million
25%
V1867version
25%
B997billion
23%
O2619operation
18%
R2406region
17%
I77311information
15%
P5128position
15%
C3259condition
10%
T20210television
10%
Z<17zillion
10%
D4118decision
8%
G12010generation
8%
L14011legislation
2%
H1410hesitation
0%
W<114westernization
0%

Score Distribution

Percentile by Number Answered

Percent of People with Each Score

Your Score History

You have not taken this quiz